000 00401nam a2200097Ia 4500
008 180130s9999 xx 000 0 und d
245 _cWang, Jiacai; Wang, Lirong; Li, Jinzhu; Hagiwara, Ichiro
_aA feature preserved mesh simplification algorithm
260 _c2016
300 _aBook title: Innovations in computer science and engineering--Acession number C20551; pages 36-43
650 _aCOMPUTER SCIENCE
999 _c353740
_d353740